LEADER 01384nam 2200433 450 001 000001997 005 20070503173200.0 010 $a88-202-0429-0 100 $a--------d1979----km-y0itay0103----ba 101 0 $aita 102 $aIT 200 1 $aMode & modi$fGillo Dorfles$gla ricerca iconografica è a cura di Bianca Franchetti 200 1 $a1 $n0002033 210 $aMilano$cMazzotta$dc1979 215 $a199 p.$cill. in nero$d24 cm. 225 1 $aAntologie e saggi$v10 606 $aModa 676 $a391 700 1$aDorfles,$bGillo$02261 702 1$aFranchetti,$bBianca 801 0$aIT$bUniversità della Basilicata - B.I.A.$gRICA$2unimarc 912 $a000001997 996 $aMode & modi$971796 997 $aUNIBAS BAS $aMONLET BAS $aMONOGR BAS $aLETTERE CAT $aLAURINO$b01$c19990810$lBAS01$h1214 CAT $c20000913$lBAS01$h1425 CAT $c20000920$lBAS01$h1829 CAT $c20001010$lBAS01$h1632 CAT $c20050601$lBAS01$h1752 CAT $abatch$b01$c20050718$lBAS01$h1047 CAT $c20050718$lBAS01$h1106 CAT $c20050718$lBAS01$h1136 CAT $c20050718$lBAS01$h1150 CAT $aBATCH$b00$c20070503$lBAS01$h1732 FMT Z30 -1$lBAS01$LBAS01$mBOOK$1BASA1$APolo Storico-Umanistico$2GEN$BCollezione generale$3FM/87572$9FM/87572$687572$5L87572$819990810$f02$FPrestabile Generale LEADER 01262nam0 22003253i 450 001 UBO1632892 005 20231121125856.0 100 $a20071012d1990 ||||0itac50 ba 101 | $aita 102 $ait 181 1$6z01$ai $bxxxe 182 1$6z01$an 200 1 $a˜La œPalestina ottomana$e1839-1922$enascita di un conflitto$fFederico Nicolini 210 $aFirenze$cFirenze Atheneum$d1990 215 $a154 p.$d24 cm 225 | $aMercator$v3 410 0$1001CFI0263864$12001 $aMercator$v3 606 $aPalestina$x1839-1922$xStoria$2FIR$3RMLC310036$9I 676 $a956.94034$9Storia. Palestina Israele. 1517-1917$v22 676 $a956.9405092$9STORIA DELLA PALESTINA$v20 700 1$aNicolini$b, Federico$3RAVV054581$4070$01447928 801 3$aIT$bIT-01$c20071012 850 $aIT-RM0166 $aIT-FR0017 899 $aBiblioteca Nazionale dell?Ebraismo Italiano ?Tullia Zevi?$bRM0166 899 $aBiblioteca umanistica Giorgio Aprea$bFR0017 $eN 912 $aUBO1632892 950 0$aBiblioteca umanistica Giorgio Aprea$d 52DES 956 Nic.Pal.$e 52SBA0000208065 VMB RS $fA $h20160726$i20160726 977 $a 28$a 52 996 $aPalestina ottomana$93640284 997 $aUNICAS